Prison Break Charaktere - Statistiken

Allgemein
  • Dieses Quiz wurde 729 mal gespielt
  • Das Durchschnittsergebnis liegt bei 12 aus 32
Antwortstatistiken
Bildquiz Antwort % Korrekt
Michael Scofield
96%
Theodore T-Bag Bagwell
90%
Lincoln Burrows
86%
Fernando Sucre
83%
John Abruzzi
68%
Bradley Brad Bellick
66%
Alexander Mahone
61%
Paul Kellerman
59%
Benjamin Miles C-Note
55%
L. J. Burrows
52%
Sara Tancredi
50%
Charles Westmoreland
40%
Warden Henry Pope
32%
Gretchen Morgan
30%
Maricruz Delgado
27%
Veronica Donovan
27%
Sofia Lugo
25%
David Apolskis
24%
Christina Rose Scofield
23%
Charles Patoshik
22%
James Whistler
21%
Donald Self
18%
Norman St. John
18%
Wyatt Mathewson
15%
Jacob Anton Ness
12%
Terrence Steadman
12%
Caroline Reynolds
11%
Danny Hale
9%
Gerneral Jonathan Krantz
9%
Sheba
9%
Nick Savrinn
8%
David Martin
5%
Keine übereinstimmenden Quizze gefunden
Verteilung der Resultate
Anzahl Personen mit jedem Resultat
Perzentil nach korrekt beantworteten Fragen
Ihre Resultats-Entwicklung
Sie haben dieses Quiz noch nicht gespielt